000 00315nam a2200121Ia 4500
008 190216s9999||||xx |||||||||||||| ||und||
100 _aKumar Pillai
245 2 _aA Book Of Modern Short Stories
260 _bThe Macmillian Co. Of India Ltd
_c1990
300 _a94p
650 _aEnglish Short Stories
942 _cBK
999 _c13009
_d13009